Mükedvelöi elöadás

Kladný referát o predstavení michalovského mládežníckeho spolku, ktorý uviedol s učňami divadelnú hru /nemenovanú/. Hru nacvičil učiteľ József Grünhut. Referát sa rozplýva chválou nad maďarčinou účinkujúcich, hoci doma nepočuli maďarčinu.

Podrobná bibliografia
Médium: Článok
Jazyk:Hungarian
Témy:
Zdroj: 1. Felsö-Zemplén 1. Roč. 11, č. 2 (04.01.1906) s. 2
LEADER 01035nab#a2200301#ar4500
001 000076401
003 SVKKK
005 20050808xxxxxxx.
008 06 c xo huno
FMT
038 |a SVKKK 
040 |a SVKKK  |b slo  |e AACR2 
041 0 |a hun 
044 |a xo  |c SK 
080 |a 792.077 
242 1 0 |a Ochotnícke predstavenie 
245 0 0 |a Mükedvelöi elöadás 
500 |a Ex/Ro-75 
520 2 |a Kladný referát o predstavení michalovského mládežníckeho spolku, ktorý uviedol s učňami divadelnú hru /nemenovanú/. Hru nacvičil učiteľ József Grünhut. Referát sa rozplýva chválou nad maďarčinou účinkujúcich, hoci doma nepočuli maďarčinu. 
650 0 4 |a ochotnícke predstavenie, Michalovce - mládežnícky spolok, Michalovce (organizátor) - Michalovce - január 1906 - správy 
773 0 |t Felsö-Zemplén  |g Roč. 11, č. 2 (04.01.1906) s. 2 
957 |a Michalovce 
958 |a DG 
958 |a SK 
974 |a zuz  |d 20050808 
992 |a RBX 
BAS
998 |a RETRO